| 000 | 00586nam a2200229Ia 4500 | ||
|---|---|---|---|
| 001 | 12394 | ||
| 003 | GE_BSU | ||
| 008 | 181216s||||||||xx |||||||||||||| ||und|| | ||
| 040 | _cGE_BSU | ||
| 080 | _a581.9(479) | ||
| 100 | _aГроссгейм,А.А. | ||
| 245 | _aФлора Кавказа. Т.5 | ||
| 245 | _bRosaceale-Leguminosale | ||
| 245 | _cОтв.ред.А.Федоров | ||
| 260 | _aМосква | ||
| 260 | _bАкад.Наук СССР | ||
| 260 | _c1952 | ||
| 300 | _a453стр.27см | ||
| 300 | _eкарты | ||
| 653 | _aФлора Кавказа | ||
| 942 | _cBK | ||
| 999 |
_c45568 _d45568 |
||